| 000 | 01193cad a22002295a 4500 | ||
|---|---|---|---|
| 001 | L145957 | ||
| 008 | 081126s2008 xxkad f s 000 0 eng d | ||
| 035 | _a(Sirsi) u145957 | ||
| 041 | 0 | _aeng | |
| 050 | 0 | 4 | _a333.33 $2 22 |
| 110 | 2 |
_aPramerica Real Estate Investors _95594 |
|
| 245 | 0 | 0 |
_aAsian Quarterly _bOctober 2008 _h[electronic resource] |
| 250 | _c2008 | ||
| 260 |
_aUnited States _bPramerica _c2008 |
||
| 490 | 0 |
_aAsian Quarterly _vOctober 2008 |
|
| 520 | _aSuggests that due to the global credit crunch, Asia's economic growth will slow down in 2009 in comparison to the past several years. Reports real estate transaction activity is falling, Asian banks are lending more cautiously, and that occupancy rates in the region's Class-A office markets peaked in the third quarter. Forecasts that vacancies will rise shortly. Concludes that Asia still offers long-term growth opportunities for multi-national corporations. | ||
| 590 | _aKA | ||
| 651 | 4 | _aAsia | |
| 690 | _aPROPERTY-COMMERCIAL PROPERTY-COMMERCIAL PROPERTY MARKET | ||
| 856 | 4 | 0 |
_uhttps://www.pramericarei.com/pramerica/realestate/pra_research_frameset.html _zView the report at www.pramericarei.com... |
| 942 | _n0 | ||
| 999 |
_c108986 _d108986 |
||